| 000 | 01149nam a2200325 a 4500 | ||
|---|---|---|---|
| 001 | 000019231 | ||
| 005 | 20200929165945.0 | ||
| 008 | 100528s1972 ag ac r 000 0 spa d | ||
| 040 |
_aDO-SdBNP _bspa _cBNPHU |
||
| 082 |
_a153.65 _bA532i |
||
| 245 | 0 | 0 |
_aAnálisis de las imágenes / _cChristian Metz... [et al.]. |
| 260 |
_aBuenos Aires, Argentina : _bEditorial Tiempo Contemporaneo, _c1972. |
||
| 300 |
_a302 p. : _bil., retrs. ; _c23 cm. |
||
| 490 | 1 | _aColección Comunicaciones | |
| 504 | _aIncluye referencias bibliográficas y notas al pie de las páginas. | ||
| 650 | 4 |
_aSimbolismo (psicología) _941365 |
|
| 650 | 4 |
_aImagenes (psicología) en el arte _941366 |
|
| 700 | 1 |
_aEco, Umberto _941367 |
|
| 700 | 1 |
_aDurand, Jacques _941368 |
|
| 700 | 1 |
_aPéninou, Georges _941369 |
|
| 700 | 1 |
_aMorin, Violette _941370 |
|
| 700 | 1 |
_aPasquier, Sylvain Du _941371 |
|
| 700 | 1 |
_aFresnault-Deruelle, Pierre _941372 |
|
| 700 | 1 |
_aBertin, Jacques _941373 |
|
| 700 | 1 |
_aMarin, Louis _941374 |
|
| 700 | 1 |
_aSchefer, Jean Louis _941375 |
|
| 700 | 1 |
_aThérè Cevasco, Marie _etr. _941376 |
|
| 830 | 0 |
_aColección Comunicaciones _941377 |
|
| 049 | _aBNGR | ||
| 999 |
_c18749 _d18749 |
||